2003 salary survey results (Record no. 72433)
[ view plain ]
| 000 -LEADER | |
|---|---|
| fixed length control field | 00872cam a2200193 4500 |
| 001 - CONTROL NUMBER | |
| control field | WB3913-17 |
| 008 - FIXED-LENGTH DATA ELEMENTS--GENERAL INFORMATION | |
| fixed length control field | 030403n2003 000 0 eng u |
| 035 ## - SYSTEM CONTROL NUMBER | |
| System control number | (Sirsi) u121878 |
| 245 ## - TITLE STATEMENT | |
| Title | 2003 salary survey results |
| 260 ## - PUBLICATION, DISTRIBUTION, ETC. | |
| Date of publication, distribution, etc. | 2003 |
| 490 ## - SERIES STATEMENT | |
| Series statement | RICS News Service |
| Volume/sequential designation | 1 April 2003 (1) |
| 520 ## - SUMMARY, ETC. | |
| Summary, etc. | The salary survey for 2003 is now available online at http://www.rics.org/downloads/research_reports/final2003salarysurvey.pdf. Over 3000 surveying professionals worldwide took part with 78% reporting an increase in salary. The average increase was up from 4.8% in 2002 to 5%. RICS Weekly News Bulletin http://www.rics.org/ricscms/bin/show?class=ResearchReports&template=/includes/showresearch.html&id=46 |
| 590 ## - LOCAL NOTE (RLIN) | |
| Local note | WB |
| 650 ## - SUBJECT ADDED ENTRY--TOPICAL TERM | |
| Topical term or geographic name entry element | SALARY SURVEYS |
| 650 ## - SUBJECT ADDED ENTRY--TOPICAL TERM | |
| Topical term or geographic name entry element | SURVEYING PROFESSION |
| 650 ## - SUBJECT ADDED ENTRY--TOPICAL TERM | |
| Topical term or geographic name entry element | SALARIES |
| 690 ## - LOCAL SUBJECT ADDED ENTRY--TOPICAL TERM (OCLC, RLIN) | |
| Topical term or geographic name as entry element | RICS NEWS |
| 942 ## - ADDED ENTRY ELEMENTS (KOHA) | |
| Suppress in OPAC | 0 |
| Withdrawn status | Lost status | Source of classification or shelving scheme | Damaged status | Not for loan | Home library | Current library | Shelving location | Date acquired | Total Checkouts | Full call number | Barcode | Date last seen | Copy number | Price effective from | Koha item type |
|---|---|---|---|---|---|---|---|---|---|---|---|---|---|---|---|
| Dewey Decimal Classification | London | London | News article | 03/04/2003 | WB3913-17 | 121878-1001 | 06/08/2019 | 1 | 06/08/2019 | News article |